000 00289nam a22001337a 4500
008 190227b xxu||||| |||| 00| 0 eng d
020 _a0064539148
041 _aeng
080 _a611
100 _a7
101 _aANA
245 _aThe Anatomy Coloring Book
_cKapit,W
942 _2udc
_cBK
999 _c54334
_d54334